El Planeamiento de la administración a escala provincial / por Rafael A. Arnanz Delgado
Descripción Física:
p. 163 a 171
Materias:
Administració local -- Planificació
MARC
| LEADER | 00000nam a2200000Ia 4500 | ||
|---|---|---|---|
| 001 | 10979 | ||
| 008 | 160829s1966 xx 000 0 cat d | ||
| 080 | |a FU-27-18 | ||
| 100 | |a Arnanz, Rafael A. |9 23796 | ||
| 245 | |a El Planeamiento de la administración a escala provincial / por Rafael A. Arnanz Delgado | ||
| 260 | |a Barcelona : |b Instituto de Ciencias Sociales, Diputación Provincial de Barcelona, |c 1966 | ||
| 300 | |a p. 163 a 171 | ||
| 590 | |a A la coberta: La Provincia : dimensión administrativa, Barcelona 1966 | ||
| 650 | |a Administració local |x Planificació |9 23798 | ||
| 710 | 2 | |a Instituto de Ciencias Sociales (Barcelona, Catalunya) |9 54508 | |
| 901 | |a Arxiu | ||
| 942 | |n 1 | ||
| 952 | |0 0 |1 0 |4 0 |6 FU2718 |7 1 |9 42860 |a Arxiu |b Arxiu |d 2016-12-01 |l 0 |o FU-27-18 |p 10979 |r 2016-12-01 00:00:00 |w 2016-12-01 |y ARXIU | ||
| 999 | |c 45366 |d 45366 | ||